|
|
|
|
| LEADER |
00000nam0a2200000 4500 |
| 001 |
69806 |
| 005 |
20231031080242.0 |
| 010 |
|
|
|a 5922103369
|
| 035 |
|
|
|a (RuTPU)RU\TPU\book\74313
|
| 090 |
|
|
|a 69806
|
| 100 |
|
|
|a 20041103d2004 k y0rusy50 ca
|
| 101 |
0 |
|
|a rus
|
| 102 |
|
|
|a RU
|
| 105 |
|
|
|a y z 001zy
|
| 200 |
1 |
|
|a Синергетика и проблемы теории управления
|f Под ред. А. А. Колесникова
|
| 210 |
|
|
|a Москва
|c Физматлит
|d 2004
|
| 215 |
|
|
|a 502 с.
|
| 320 |
|
|
|a Библиогр. в конце статей
|
| 610 |
1 |
|
|a нелинейные динамические объекты
|
| 610 |
1 |
|
|a управление
|
| 610 |
1 |
|
|a синергетика
|
| 610 |
1 |
|
|a проблемы
|
| 610 |
1 |
|
|a системы управления
|
| 610 |
1 |
|
|a синтез
|
| 610 |
1 |
|
|a инварианты
|
| 675 |
|
|
|a 681.51.033
|v 3
|
| 702 |
|
1 |
|a Колесников
|b А. А.
|4 340
|
| 801 |
|
1 |
|a RU
|b 63413507
|c 20041103
|g PSBO
|
| 801 |
|
2 |
|a RU
|b 63413507
|c 20041123
|g PSBO
|
| 942 |
|
|
|c BK
|